000 00483nam a2200157Ia 4500
003 GCL
008 140319s9999 xx 000 0 ara d
040 _aGCL /
_cGCL
082 0 4 _a140
_bم م
100 1 _aمحمد عزيز نظمى سالم
245 1 0 _aالمنظور الحديث وفلسفة العلوم والمناهج /
_cمحمد عزيز نظمى سالم
490 _aكتاب
_v0
650 0 4 _aالمنطق
650 0 4 _aالفلسفة - مذاهب
942 _2ddc
_cBK
999 _c40928
_d40928